| 000 | 01861nam a2200337 u 4500 | ||
|---|---|---|---|
| 001 | 000048857 | ||
| 005 | 20200120222618.0 | ||
| 008 | 120508s2003 ck gr 000 | spa d | ||
| 020 | _a9586980987. | ||
| 043 | _as-ck--- | ||
| 082 | 0 | 4 |
_a615.321 _bO51 _221 |
| 100 | 1 | _aOlaya Flórez, Julia María. | |
| 245 | 1 | 0 |
_aGuía de plantas y productos medicinales / _cJulia María Olaya Flórez y Jacobo Méndez Alzamora ; edición : Luis Enrique Acero Duarte, Leonor Rodríguez Montenegro, Henry Yesid Bernal ; ilustraciones Luis Aurelio Durán. |
| 260 |
_aBogotá : _bConvenio Andrés Bello, _c2003. |
||
| 300 |
_a32 p. : _bil., cuadrs. |
||
| 490 | 0 |
_aCiencia y tecnología. Guías agroindustriales de las Upar _v116 |
|
| 500 | _aTítulo tomado de la cubierta. | ||
| 500 | _aEj.1 de Mosquera donado por la Biblioteca Nacional - PNLB 2012. | ||
| 504 | _aIncluye bibliografía. | ||
| 520 | 3 | _a"Esta guía responde a una necesidad del sector agropecuario, da una mirada a los procesos que se realizan con plantas medicinales, algunos se pueden ejecutar fácilmente, sin necesidad de equipos complicados o tecnologías avanzadas, otros son de producción exclusiva de la industria, pues requieren una inversión alta y desarrollos más complejos. Hay aquí una invitación a considerar el cultivo de plantas medicinales como una alternativa agroindustrial viable, fácil de desarrollar, con mercados interesantes y mucho futuro." | |
| 650 | 1 | 4 |
_aPlantas medicinales _vGuías. |
| 650 | 2 | 4 |
_aExtractos vegetales _vGuías. |
| 650 | 2 | 4 |
_aAceites vegetales _vGuías. |
| 650 | 2 | 4 |
_aBotánica médica _vGuías. |
| 650 | 2 | 4 |
_aMedicamentos _vGuías. |
| 700 | 1 | _aMéndez Alzamora, Jacobo. | |
| 700 | 1 |
_aAcero Duarte, Luis Enrique, _eed. |
|
| 700 | 1 |
_aRodríguez Montenegro, Leonor, _eed. |
|
| 700 | 1 |
_aBernal, Henry Yesid, _eed. |
|
| 700 | 1 |
_aDurán, Luis Aurelio, _eil. |
|
| 999 |
_c3195 _d3195 |
||